| 000 | 01589nam a2200361 i 4500 | ||
|---|---|---|---|
| 003 | EG-ScBUE | ||
| 005 | 20230323113232.0 | ||
| 008 | 100822s2007 ua a f b 000 0 ara d | ||
| 017 | _a2007 / 23928 | ||
| 020 | _a9774375289 | ||
| 040 |
_aEG-ScBUE _bara _erda _cEG-ScBUE _dEG-ScBUE |
||
| 041 | 1 |
_aara _hita |
|
| 082 | 0 | 4 |
_222 _a792 _bب ي ت |
| 100 | 1 |
_917601 _aبيتزو، أنطونيو، _eمؤلف. |
|
| 240 | 1 | 0 |
_aTeatro e Mondo digitale : attoro, scena e pubblico. _lArabic |
| 245 | 1 | 2 |
_aالمسرح والعالم الرقمى : _bالممثلون والمشهد والجمهور / _cتأليف أنطونيو بيتزو ؛ ترجمة د. أماني فوزي حبشي ؛ مراجعة سعد أردش. |
| 264 | 1 |
_aالقاهرة : _bوزارة الثقافة، _c2007. |
|
| 300 |
_a377 صفحة : _bإيضاحيات ؛ _c24 سم. |
||
| 336 |
_2rdacontent _aنص _btxt |
||
| 337 |
_2rdamedia _aبدون وسيط _bn |
||
| 338 |
_2rdacarrier _aمجلد _bnc |
||
| 490 | 0 |
_aمهرجان القاهرة الدولى للمسرح التجريبي ؛ _v19 |
|
| 504 | _aيشتمل على إرجاعات ببليوجرافية. | ||
| 541 |
_aألف باء ؛ _cشراء ؛ |
||
| 546 | _aالنص باللغة العربية وتم ترجمته من اللغة الإيطالية. | ||
| 650 | 7 |
_914915 _aالمسرح. _2BUEsh |
|
| 650 | 7 |
_916512 _aالتمثيل في المسرح. _2BUEsh |
|
| 653 | _bART | ||
| 655 | _vReading book | ||
| 700 | 1 |
_917602 _aحبشي، أماني فوزي، _eمترجم. |
|
| 700 | 1 |
_917603 _aأردش، سعد، _eمراجع. |
|
| 942 |
_2ddc _cBB |
||
| 999 |
_c14679 _d14679 |
||